Συστηματική των φυτών = Plant sytematics
Αποθηκεύτηκε σε:
| Κύριος συγγραφέας: | |
|---|---|
| Άλλοι συγγραφείς: | , , |
| Μορφή: | Βιβλίο |
| Γλώσσα: | Greek English |
| Δημοσίευση: |
Αθήνα :
Utopia,
2017.
|
| Θέματα: | |
| Ετικέτες: |
Προσθήκη ετικέτας
Δεν υπάρχουν, Καταχωρήστε ετικέτα πρώτοι!
|
MARC
| LEADER | 00000nam a2200000 a 4500 | ||
|---|---|---|---|
| 001 | 1/114651 | ||
| 008 | 170821s2017####gr ao ||| |||| ||gre|| | ||
| 020 | |a 9786188129870 | ||
| 040 | |a GR-MyUa |b gre |c GR-MyUa |e AACR2 | ||
| 041 | 1 | |a gre |h eng | |
| 082 | 7 | |a 580.12 |2 (23) | |
| 100 | 1 | |a Simpson, Michael G. |q (Michael George), |d 1953- | |
| 245 | 1 | 0 | |a Συστηματική των φυτών = |b Plant sytematics / |c Michael G. Simpson ; γενική επιμέλεια: Θεοφάνης Κωνσταντινίδης, Παναγιώτης Τρίγκας ; μετάφραση-επιμέλεια: Μαργαρίτα Αριανούτσου-Φαραγγιτάκη ... [κ. α.] |
| 260 | |a Αθήνα : |b Utopia, |c 2017. | ||
| 300 | |a 798 σ. : |b εικ., φωτ. ; |c 30 εκ. | ||
| 500 | |a Μετάφραση του: Plant systematics, 2nd ed., Elsevier, 2010. | ||
| 504 | |a Περιλαμβένει βιβλιογραφία, ευρετήριο, γλωσσάρι. | ||
| 650 | 0 | |a Plants |x Classification. | |
| 700 | 1 | |a Κωνσταντινίδης, Θεοφάνης Κ., |d 1917- |e edt | |
| 700 | 1 | |a Τρίγκας, Παναγιώτης, |e edt | |
| 700 | 1 | |a Αριανούτσου-Φαραγγιτάκη, Μαργαρίτα, |e trlf | |
| 852 | |a INST |b LESVOS |c EUDOXUS |e 20170821 |h 580.12 SIM |p 005100059723 |q 005100059723 |t EDX |y 4 |x 20181207 | ||
| 920 | |a Εύδοξος |b Παραγγελία |y Λέσβος-ΤΠ |z 2017-05 | ||